[Event "1. Bundesliga 2016/2017"]
[Site "St. Veit/Glan"]
[Date "2017.03.26"]
[Round "8"]
[Board "2"]
[White "Banusz, Tamas"]
[Black "Danin, Alexandre"]
[Result "1-0"]
[WhiteElo "2613"]
[BlackElo "2564"]
[PlyCount "139"]
[EventDate "2016.10.20"]
[EventType "team"]
[EventRounds "11"]
[EventCountry "AUT"]
[WhiteTeam "mpimmo Wien - SK Ottakring"]
[BlackTeam "SV Raika Rapid Feffernitz"]

1.c4 c6 2.Nf3 d5 3.g3 Nf6 4.Bg2 dxc4 5.O-O g6 6.Na3 Be6 7.Qc2 Qd5 8.Ne1 Qe5 9.e4 Qd4
10.d3 Bg7 11.Nxc4 O-O 12.Nf3 Qd7 13.Nfe5 Qc8 14.d4 Nbd7 15.Rd1 Nxe5 16.Nxe5 Bh3 17.f3
Bxg2 18.Kxg2 Nd7 19.Nc4 e5 20.Be3 Qc7 21.d5 cxd5 22.Rxd5 Rfc8 23.Rad1 Nf8 24.b3 Qe7
25.Qf2 b6 26.Bc1 Ne6 27.Nxe5 Bxe5 28.Rxe5 Rc7 29.Bb2 Rac8 30.Rd2 Qb4 31.Red5 a5 32.Qe2
a4 33.Qd3 axb3 34.axb3 Qxd2+ 35.Qxd2 Rc2 36.Bf6 Kf8 37.Kf2 Ke8 38.Ke3 Rxd2 39.Kxd2
Nc5 40.b4 Nd7 41.Bb2 Rc4 42.Bc3 Rc6 43.Kd3 Ke7 44.g4 Rc8 45.Bb2 Ke6 46.f4 Ke7 47.h4
Ke6 48.h5 Ke7 49.Bc3 Ke6 50.Bb2 Ke7 51.h6 Ke6 52.f5+ Ke7 53.e5 gxf5 54.gxf5 Rg8 55.Rd6
Rg4 56.Bd4 b5 57.f6+ Kd8 58.Rd5 Rh4 59.Rxb5 Rxh6 60.Ra5 Rh1 61.Ra8+ Kc7 62.Ra7+ Kc8
63.Kc4 h5 64.Ra8+ Kb7 65.Re8 h4 66.Re7 Kc8 67.Rxf7 h3 68.Rh7 h2 69.Kd5 Nb6+ 70.Bxb6 1-0

[Event "1. Bundesliga 2016/2017"]
[Site "St. Veit/Glan"]
[Date "2017.03.26"]
[Round "8"]
[Board "3"]
[White "Skoberne, Jure"]
[Black "Papp, Gabor"]
[Result "0-1"]
[WhiteElo "2544"]
[BlackElo "2581"]
[PlyCount "108"]
[EventDate "2016.10.20"]
[EventType "team"]
[EventRounds "11"]
[EventCountry "AUT"]
[WhiteTeam "SV Raika Rapid Feffernitz"]
[BlackTeam "mpimmo Wien - SK Ottakring"]

1.d4 Nf6 2.Nf3 e6 3.Bf4 c5 4.e3 Nc6 5.Nbd2 d5 6.c3 cxd4 7.exd4 Nh5 8.Be3 Bd6 9.Ne5
g6 10.Be2 Ng7 11.Nd3 f6 12.Bf4 e5 13.dxe5 fxe5 14.Bg3 e4 15.Nf4 Rf8 16.Nxd5 Bxg3 17.Nxe4
Be5 18.Bc4 Be6 19.Qe2 Bxd5 20.Rd1 Nd4 21.cxd4 Qa5+ 22.Nc3 Bxc4 23.Qxc4 Bc7 24.b4 Qf5
25.O-O O-O-O 26.Nb5 Qf7 27.Qc5 Rd5 28.Qc4 Ne8 29.Rfe1 Nd6 30.Qxc7+ Qxc7 31.Nxc7 Kxc7
32.Re7+ Kb6 33.Rxh7 Nf5 34.g3 Rf6 35.h4 Rxd4 36.Rxd4 Nxd4 37.Kg2 Nc2 38.b5 Ne1+ 39.Kh3
Rxf2 40.Rh6 Kxb5 41.Rxg6 Rxa2 42.h5 Nf3 43.Rf6 Rh2+ 44.Kg4 Nd4 45.Rf7 Kc6 46.Rf6+
Kc5 47.Rf7 b5 48.Rxa7 b4 49.Rc7+ Kd5 50.Rd7+ Kc4 51.Rc7+ Kd3 52.Rb7 b3 53.Kg5 b2 54.h6
Kc3 0-1

[Event "1. Bundesliga 2016/2017"]
[Site "St. Veit/Glan"]
[Date "2017.03.26"]
[Round "8"]
[Board "4"]
[White "Dragnev, Valentin"]
[Black "Schreiner, Peter"]
[Result "1/2-1/2"]
[WhiteElo "2515"]
[BlackElo "2482"]
[PlyCount "105"]
[EventDate "2016.10.20"]
[EventType "team"]
[EventRounds "11"]
[EventCountry "AUT"]
[WhiteTeam "mpimmo Wien - SK Ottakring"]
[BlackTeam "SV Raika Rapid Feffernitz"]

1.e4 e5 2.Nf3 Nc6 3.Bb5 a6 4.Ba4 Nf6 5.O-O b5 6.Bb3 Bb7 7.Re1 Bc5 8.c3 d6 9.d4 Bb6
10.Be3 h6 11.h3 O-O 12.Nbd2 exd4 13.cxd4 Nb4 14.Qb1 c5 15.a3 Nc6 16.d5 Ne7 17.Nf1
Nd7 18.Ng3 f5 19.Nxf5 Nxf5 20.exf5 Qf6 21.Nd2 Qxf5 22.Qxf5 Rxf5 23.Ne4 Bc7 24.a4 bxa4
25.Bxa4 Ne5 26.Rad1 Nc4 27.Bc6 Rb8 28.Bc1 Rff8 29.Ba4 Nb6 30.Bc6 Nc4 31.Re2 Bxc6 32.dxc6
Rb6 33.Rc2 Ne5 34.Nxd6 Rd8 35.Rcd2 Rxd6 36.Rxd6 Bxd6 37.Rxd6 Rxc6 38.Rd5 Nc4 39.Rd3
Rb6 40.Rc3 Nxb2 41.Rxc5 Nd3 42.Rc8+ Kf7 43.Rc7+ Kf6 44.Be3 Rd6 45.Kh2 Ne5 46.Ra7 g5
47.f4 gxf4 48.Bxf4 Kf5 49.Bc1 Rc6 50.Ba3 Nc4 51.Bb4 Ne3 52.Rf7+ Kg6 53.Rf3 1/2-1/2

[Event "1. Bundesliga 2016/2017"]
[Site "St. Veit/Glan"]
[Date "2017.03.26"]
[Round "8"]
[Board "5"]
[White "Diermair, Andreas"]
[Black "Schneider-Zinner, Harald"]
[Result "1/2-1/2"]
[WhiteElo "2473"]
[BlackElo "2392"]
[PlyCount "110"]
[EventDate "2016.10.20"]
[EventType "team"]
[EventRounds "11"]
[EventCountry "AUT"]
[WhiteTeam "SV Raika Rapid Feffernitz"]
[BlackTeam "mpimmo Wien - SK Ottakring"]

1.Nf3 d5 2.g3 Nf6 3.Bg2 e6 4.O-O c5 5.c4 d4 6.e3 Nc6 7.exd4 cxd4 8.d3 Be7 9.Bg5 Nd7
10.Bxe7 Qxe7 11.Re1 O-O 12.Na3 Qf6 13.Nd2 Nc5 14.Ne4 Nxe4 15.Bxe4 Bd7 16.Rb1 Nb4 17.Qd2
a5 18.Bxb7 Rab8 19.Be4 Rfc8 20.Nc2 Nxc2 21.Qxc2 Qe7 22.f4 Qd6 23.Bf3 Rc5 24.Qf2 Bc6
25.Bxc6 Rxc6 26.Re4 Rd8 27.Re5 Rc5 28.Rbe1 a4 29.Rxc5 Qxc5 30.Re5 Qa7 31.Rb5 g6 32.Qf3
Rb8 33.Qc6 Rxb5 34.Qe8+ Kg7 35.Qxb5 a3 36.Qb4 e5 37.fxe5 Qc7 38.bxa3 Qxe5 39.Qd2 Qc5
40.Qb2 Qe5 41.Qf2 f6 42.Kf1 h5 43.a4 g5 44.Qf3 Qb8 45.Qe2 Qb4 46.a5 Qxa5 47.Qe7+ Kg6
48.Qe4+ Kg7 49.Qxd4 Qxa2 50.Qf2 Qb1+ 51.Ke2 Qb2+ 52.Kf1 Qb1+ 53.Ke2 Qb2+ 54.Ke3 Qb6+
55.Kf3 Qb7+ 1/2-1/2

[Event "1. Bundesliga 2016/2017"]
[Site "St. Veit/Glan"]
[Date "2017.03.26"]
[Round "8"]
[Board "6"]
[White "Blohberger, Felix"]
[Black "Sebenik, Matej"]
[Result "0-1"]
[WhiteElo "2272"]
[BlackElo "2546"]
[PlyCount "112"]
[EventDate "2016.10.20"]
[EventType "team"]
[EventRounds "11"]
[EventCountry "AUT"]
[WhiteTeam "mpimmo Wien - SK Ottakring"]
[BlackTeam "SV Raika Rapid Feffernitz"]

1.Nf3 Nf6 2.g3 g6 3.b3 Bg7 4.Bb2 b6 5.Bg2 Bb7 6.O-O c5 7.c4 O-O 8.Nc3 Na6 9.e3 Ne4
10.Qc1 Nb4 11.Ne1 Nxc3 12.Bxc3 Bxg2 13.Nxg2 d5 14.Bxg7 Kxg7 15.Qc3+ d4 16.exd4 Qxd4
17.Qxd4+ cxd4 18.Rfc1 Nd3 19.Rd1 a5 20.Ne1 Nc5 21.d3 e5 22.Rab1 Rab8 23.Nc2 Rfd8 24.Rd2
f5 25.b4 Na4 26.Re1 e4 27.bxa5 bxa5 28.dxe4 d3 29.Na3 Rb2 30.Nb1 Rdb8 31.Rxb2 Rxb2
32.exf5 gxf5 33.c5 d2 34.Nxd2 Rxd2 35.Re7+ Kf6 36.Ra7 Nxc5 37.Rxa5 Nd3 38.f3 Ne5 39.Ra6+
Kf7 40.Ra7+ Kg6 41.Ra3 h5 42.Re3 Kf6 43.a3 Ra2 44.h3 f4 45.gxf4 Ng6 46.Rb3 Nxf4 47.h4
Ne2+ 48.Kf1 Ng3+ 49.Kg1 Nf5 50.Rb4 Rxa3 51.Kg2 Rd3 52.Rb6+ Rd6 53.Rb4 Rd4 54.Rb6+
Ke5 55.Rb5+ Kf4 56.Kh3 Rd3 0-1

[Event "1. Bundesliga 2016/2017"]
[Site "St. Veit/Glan"]
[Date "2017.03.26"]
[Round "8"]
[Board "1"]
[White "Bayer, Bernhard"]
[Black "Sandhoefner, Florian"]
[Result "1/2-1/2"]
[WhiteElo "2431"]
[BlackElo "2257"]
[PlyCount "72"]
[EventDate "2016.10.20"]
[EventType "team"]
[EventRounds "11"]
[EventCountry "AUT"]
[WhiteTeam "Schachklub Absam"]
[BlackTeam "ASK St. Valentin"]

1.d4 d5 2.Nf3 Nf6 3.c4 c6 4.Nc3 e6 5.e3 Nbd7 6.Qc2 Bd6 7.b3 O-O 8.Be2 b6 9.O-O Bb7
10.e4 Nxe4 11.Nxe4 dxe4 12.Qxe4 Re8 13.Bf4 Qc7 14.Bxd6 Qxd6 15.Rfd1 Qc7 16.Ng5 Nf8
17.c5 Rad8 18.Qe3 Re7 19.f4 Ng6 20.g3 Red7 21.Bg4 bxc5 22.dxc5 Rxd1+ 23.Bxd1 Ne7 24.Ne4
Nc8 25.Bc2 h6 26.Qc3 Rd5 27.Re1 Qd8 28.Nf2 Ne7 29.Nd3 Rd4 30.Ne5 Kf8 31.Nc4 Rd7 32.Nd6
Nc8 33.Nc4 Ne7 34.Qe3 Ba6 35.Nd6 Nc8 36.Ne4 Bd3 1/2-1/2

[Event "1. Bundesliga 2016/2017"]
[Site "St. Veit/Glan"]
[Date "2017.03.26"]
[Round "8"]
[Board "2"]
[White "Theuretzbacher, Klaus"]
[Black "Dizdar, Goran"]
[Result "1/2-1/2"]
[WhiteElo "2248"]
[BlackElo "2504"]
[PlyCount "94"]
[EventDate "2016.10.20"]
[EventType "team"]
[EventRounds "11"]
[EventCountry "AUT"]
[WhiteTeam "ASK St. Valentin"]
[BlackTeam "Schachklub Absam"]

1.e4 e6 2.Nf3 d5 3.e5 c5 4.b4 cxb4 5.a3 Nc6 6.axb4 Bxb4 7.c3 Be7 8.d4 Bd7 9.Bd3 a6
10.h4 h6 11.g3 Na5 12.O-O Rc8 13.Ne1 h5 14.Ng2 Bb5 15.Bxb5+ axb5 16.Nf4 g6 17.Ba3
Nc4 18.Qb3 Qb6 19.Nd3 Bxa3 20.Nxa3 Ne7 21.Qxb5+ Qxb5 22.Nxb5 Nc6 23.Ra2 O-O 24.Rb1
Ra8 25.Rba1 Ra5 26.Rxa5 N6xa5 27.Ra2 Rc8 28.Nb4 Kf8 29.Kf1 b6 30.Ke1 Ke7 31.Ke2 Kd7
32.Ke1 Rg8 33.f4 Ne3 34.Ke2 Nf5 35.Kf3 Rc8 36.Nd3 Ke7 37.Nb4 Kf8 38.Na6 Nc6 39.Rb2
Na5 40.Ra2 Ke7 41.Nb4 Kd7 42.Nd3 Ra8 43.Nb4 Rf8 44.Ra3 Kc8 45.Nc2 Kb7 46.Ra2 Kc6 47.Na7+
Kb7 1/2-1/2

[Event "1. Bundesliga 2016/2017"]
[Site "St. Veit/Glan"]
[Date "2017.03.26"]
[Round "8"]
[Board "3"]
[White "Rotstein, Arkadij"]
[Black "Heimberger, Reinhard"]
[Result "1/2-1/2"]
[WhiteElo "2501"]
[BlackElo "2282"]
[PlyCount "83"]
[EventDate "2016.10.20"]
[EventType "team"]
[EventRounds "11"]
[EventCountry "AUT"]
[WhiteTeam "Schachklub Absam"]
[BlackTeam "ASK St. Valentin"]

1.c4 c5 2.Nf3 d6 3.d4 cxd4 4.Nxd4 Nf6 5.Nc3 g6 6.e4 Bg7 7.Be2 O-O 8.Be3 Nc6 9.f3 a6
10.Rc1 Nh5 11.Nxc6 bxc6 12.O-O Nf6 13.c5 d5 14.e5 Ne8 15.f4 Nc7 16.Na4 Bf5 17.Nb6
Ra7 18.Qa4 Qe8 19.Bf3 h5 20.h3 Ne6 21.g4 Bd3 22.Rfd1 Bb5 23.Qc2 hxg4 24.hxg4 a5 25.a4
Ba6 26.Qd2 f6 27.exf6 Rxf6 28.Nxd5 cxd5 29.Bxd5 Bc8 30.c6 Ra8 31.Qc2 Kf8 32.c7 Ra6
33.Bxe6 Rfxe6 34.Rd8 Rxe3 35.Qd2 Rd6 36.Rxe8+ Kxe8 37.Qxa5 Rg3+ 38.Kh2 Rdd3 39.Qa8
Rh3+ 40.Kg2 Rhg3+ 41.Kf1 Kf7 42.Qxc8 1/2-1/2

[Event "1. Bundesliga 2016/2017"]
[Site "St. Veit/Glan"]
[Date "2017.03.26"]
[Round "8"]
[Board "4"]
[White "Kranzl, Peter"]
[Black "Wegerle, Joerg"]
[Result "1/2-1/2"]
[WhiteElo "2187"]
[BlackElo "2439"]
[PlyCount "63"]
[EventDate "2016.10.20"]
[EventType "team"]
[EventRounds "11"]
[EventCountry "AUT"]
[WhiteTeam "ASK St. Valentin"]
[BlackTeam "Schachklub Absam"]

1.e4 c5 2.c3 Nf6 3.e5 Nd5 4.g3 d6 5.exd6 e6 6.Bg2 Bxd6 7.Nf3 Nc6 8.O-O O-O 9.d4 cxd4
10.Nxd4 Nxd4 11.Qxd4 Qc7 12.Nd2 Rd8 13.Qc4 Rb8 14.a4 b6 15.Bxd5 exd5 16.Qxc7 Bxc7
17.Nb3 Bh3 18.Re1 Re8 19.Rxe8+ Rxe8 20.Be3 h5 21.Nd4 h4 22.Bd2 Bd7 23.b3 f6 24.Re1
Re5 25.f4 Re4 26.Rxe4 dxe4 27.Kf2 f5 28.Be3 Kf7 29.Kg2 Bd8 30.Kh3 g5 31.Kg2 g4 32.Kf2 1/2-1/2

[Event "1. Bundesliga 2016/2017"]
[Site "St. Veit/Glan"]
[Date "2017.03.26"]
[Round "8"]
[Board "6"]
[White "Gelbenegger, Patrick"]
[Black "Gerhold, Michael"]
[Result "0-1"]
[WhiteElo "2055"]
[BlackElo "2236"]
[PlyCount "122"]
[EventDate "2016.10.20"]
[EventType "team"]
[EventRounds "11"]
[EventCountry "AUT"]
[WhiteTeam "ASK St. Valentin"]
[BlackTeam "Schachklub Absam"]

1.e4 e6 2.d4 d5 3.Nd2 a6 4.c3 c5 5.exd5 exd5 6.Ngf3 Nf6 7.Be2 Nc6 8.O-O cxd4 9.Nxd4
Nxd4 10.cxd4 Bd6 11.Bf3 O-O 12.Re1 Be6 13.Qb3 Qd7 14.Nf1 Rac8 15.Ne3 Bb8 16.Bd2 Ba7
17.Bb4 Rfe8 18.Qd3 h6 19.Rac1 Rc6 20.Rxc6 Qxc6 21.Bd1 Rc8 22.Bb3 Qd7 23.f3 Nh5 24.Bc2
g6 25.g3 Ng7 26.Bb3 h5 27.Qd2 Qd8 28.Kg2 h4 29.Bxd5 Bxd5 30.Be7 h3+ 31.Kg1 Qxe7 32.Nxd5
Qd8 33.Ne7+ Kh7 34.Nxc8 Qxc8 35.Kh1 Qf5 36.Re3 Ne6 37.Rd3 Nxd4 38.Qd1 g5 39.g4 Qe5
40.Qf1 Kg7 41.Rd1 Ne6 42.Qxh3 Nf4 43.Qf1 Qxb2 44.Rb1 Qxa2 45.Rxb7 Bd4 46.Rb4 Ne6 47.Rb1
Be5 48.Qg1 Qe2 49.Qg2 Qd3 50.Re1 Bc3 51.Rf1 Nf4 52.Qf2 Bd4 53.Qe1 Qc2 54.Qg3 a5 55.h4
Qd3 56.Re1 Bc3 57.Re8 Qd1+ 58.Kh2 Qd2+ 59.Kh1 gxh4 60.Qg1 Bd4 61.Qf1 h3 0-1

[Event "1. Bundesliga 2016/2017"]
[Site "St. Veit/Glan"]
[Date "2017.03.26"]
[Round "8"]
[Board "1"]
[White "Melkumyan, Hrant"]
[Black "Repka, Christopher"]
[Result "0-1"]
[WhiteElo "2619"]
[BlackElo "2461"]
[PlyCount "62"]
[EventDate "2016.10.20"]
[EventType "team"]
[EventRounds "11"]
[EventCountry "AUT"]
[WhiteTeam "ASVOE Wulkaprodersdorf"]
[BlackTeam "Bregenz"]

1.d4 Nf6 2.c4 e6 3.Nc3 Bb4 4.f3 O-O 5.e4 c5 6.d5 b5 7.Nh3 bxc4 8.Bxc4 exd5 9.Bxd5
Nxd5 10.Qxd5 Nc6 11.Be3 Ba6 12.Nf4 Qh4+ 13.g3 Qf6 14.Kf2 Ne5 15.h4 Rab8 16.g4 Bxc3
17.bxc3 Nc4 18.Qxc5 Rfc8 19.Qd4 Rb2+ 20.Kg3 Nxe3 21.Qxe3 Rxc3 22.Qe1 Be2 23.Rf1 Bxf1
24.Qxf1 h6 25.h5 g5 26.hxg6 fxg6 27.Qd1 g5 28.Qd5+ Kh8 29.Ng6+ Qxg6 30.Qe5+ Qg7 31.Qe8+
Kh7 0-1

[Event "1. Bundesliga 2016/2017"]
[Site "St. Veit/Glan"]
[Date "2017.03.26"]
[Round "8"]
[Board "2"]
[White "Henrichs, Thomas"]
[Black "Kraemer, Martin"]
[Result "0-1"]
[WhiteElo "2505"]
[BlackElo "2574"]
[PlyCount "68"]
[EventDate "2016.10.20"]
[EventType "team"]
[EventRounds "11"]
[EventCountry "AUT"]
[WhiteTeam "Bregenz"]
[BlackTeam "ASVOE Wulkaprodersdorf"]

1.e4 c5 2.Nf3 d6 3.d4 cxd4 4.Nxd4 Nf6 5.Nc3 a6 6.Be2 e5 7.Nb3 Be7 8.O-O O-O 9.Re1
Be6 10.Bf3 Qc7 11.Bg5 Nbd7 12.a4 h6 13.Be3 b6 14.Nc1 Rfc8 15.Nd3 Qb7 16.Bd2 Bd8 17.b3
b5 18.Nb4 Bb6 19.axb5 axb5 20.Rxa8 Rxa8 21.Qe2 Ra5 22.Ncd5 Bxd5 23.exd5 Ra8 24.g3
Re8 25.Bg2 e4 26.Kh1 Bc5 27.Rd1 Ne5 28.Be1 Nf3 29.Bc3 Ng4 30.Rf1 Ngxh2 31.Ra1 Bxb4
32.Bxb4 Qxd5 33.Ra5 Nd4 34.Qd1 Nhf3 0-1

[Event "1. Bundesliga 2016/2017"]
[Site "St. Veit/Glan"]
[Date "2017.03.26"]
[Round "8"]
[Board "3"]
[White "Schneider, Ilja"]
[Black "Tuncer, Ufuk"]
[Result "1/2-1/2"]
[WhiteElo "2516"]
[BlackElo "2308"]
[PlyCount "60"]
[EventDate "2016.10.20"]
[EventType "team"]
[EventRounds "11"]
[EventCountry "AUT"]
[WhiteTeam "ASVOE Wulkaprodersdorf"]
[BlackTeam "Bregenz"]

1.d4 Nf6 2.Bg5 e6 3.e4 h6 4.Bxf6 Qxf6 5.Nc3 Bb4 6.Qd3 O-O 7.O-O-O d5 8.exd5 Bxc3 9.Qxc3
exd5 10.Qg3 Nc6 11.Nf3 Bf5 12.Qf4 g5 13.Qd2 Rfe8 14.Bb5 Re4 15.Bd3 Re6 16.h4 g4 17.Bxf5
Qxf5 18.Ne5 Nxe5 19.dxe5 c6 20.Rhe1 Rae8 21.f4 gxf3 22.gxf3 Rxe5 23.Rxe5 Qxe5 24.Qxh6
Qe3+ 25.Qxe3 Rxe3 26.Rg1+ Kh7 27.Rg3 Re2 28.Rg4 Rf2 29.Rb4 b5 30.Rf4 Kg7 1/2-1/2

[Event "1. Bundesliga 2016/2017"]
[Site "St. Veit/Glan"]
[Date "2017.03.26"]
[Round "8"]
[Board "4"]
[White "Dobosz, Henryk"]
[Black "Volkmann, Friedrich Karl"]
[Result "1/2-1/2"]
[WhiteElo "2379"]
[BlackElo "2403"]
[PlyCount "59"]
[EventDate "2016.10.20"]
[EventType "team"]
[EventRounds "11"]
[EventCountry "AUT"]
[WhiteTeam "Bregenz"]
[BlackTeam "ASVOE Wulkaprodersdorf"]

1.d4 d5 2.c4 c6 3.cxd5 cxd5 4.Nc3 Nf6 5.Bf4 Nc6 6.e3 a6 7.Bd3 Bg4 8.Nge2 e6 9.O-O
Be7 10.Qb3 Na5 11.Qc2 Bh5 12.Bg3 Bg6 13.Nf4 Bxd3 14.Nxd3 O-O 15.Ne5 Rc8 16.Qd3 Nh5
17.Rac1 Nxg3 18.hxg3 Bd6 19.Nf3 Rc7 20.Rc2 Nc6 21.a3 Na5 22.e4 dxe4 23.Nxe4 Rd7 24.Qe3
Nc6 25.Rd2 Ne7 26.Ne5 Nf5 27.Qc3 Rc7 28.Qd3 Qe7 29.Nc4 Rfc8 30.Rc2 1/2-1/2

[Event "1. Bundesliga 2016/2017"]
[Site "St. Veit/Glan"]
[Date "2017.03.26"]
[Round "8"]
[Board "5"]
[White "Wallner, Joachim"]
[Black "Repkova, Eva"]
[Result "1/2-1/2"]
[WhiteElo "2313"]
[BlackElo "2329"]
[PlyCount "64"]
[EventDate "2016.10.20"]
[EventType "team"]
[EventRounds "11"]
[EventCountry "AUT"]
[WhiteTeam "ASVOE Wulkaprodersdorf"]
[BlackTeam "Bregenz"]

1.b3 e5 2.Bb2 Nc6 3.e3 d5 4.Bb5 f6 5.f4 exf4 6.exf4 Qe7+ 7.Qe2 Bg4 8.Bxc6+ bxc6 9.Qxe7+
Bxe7 10.h3 Bh5 11.Ne2 Bd6 12.g4 Bg6 13.d3 Kd7 14.Nd2 Re8 15.Kf2 h5 16.Nf3 Nh6 17.Nh4
Bh7 18.gxh5 Nf5 19.Nxf5 Bxf5 20.Ng3 Be6 21.Kf3 d4 22.Rhg1 c5 23.Rae1 Bxh3 24.Rxe8
Rxe8 25.Ne4 Re7 26.h6 gxh6 27.Nxf6+ Kc6 28.Bc1 Re6 29.Rh1 Bf5 30.Ne4 Rg6 31.Bd2 Be7
32.Kf2 Bg4 1/2-1/2

[Event "1. Bundesliga 2016/2017"]
[Site "St. Veit/Glan"]
[Date "2017.03.26"]
[Round "8"]
[Board "6"]
[White "Herbrechtsmeier, Christof"]
[Black "Mesaros, Florian"]
[Result "1-0"]
[WhiteElo "2248"]
[BlackElo "2335"]
[PlyCount "87"]
[EventDate "2016.10.20"]
[EventType "team"]
[EventRounds "11"]
[EventCountry "AUT"]
[WhiteTeam "Bregenz"]
[BlackTeam "ASVOE Wulkaprodersdorf"]

1.e4 e5 2.Nf3 Nc6 3.Bc4 Bc5 4.c3 Nf6 5.d4 exd4 6.cxd4 Bb4+ 7.Bd2 Nxe4 8.Bxb4 Nxb4
9.Bxf7+ Kxf7 10.Qb3+ Kf8 11.Qxb4+ Qe7 12.Qxe7+ Kxe7 13.Nc3 Nxc3 14.bxc3 d6 15.Nd2
Be6 16.Nf1 a5 17.Ne3 b5 18.a3 Kd7 19.d5 Bf7 20.Kd2 Bg6 21.Rhd1 Rhf8 22.Ke1 Rf4 23.Rd4
Raf8 24.Ra2 Rxd4 25.cxd4 Rf4 26.Rd2 c5 27.dxc6+ Kxc6 28.Kd1 b4 29.a4 Rf8 30.Kc1 Rc8
31.Kb2 Kb7 32.d5 Kb6 33.Rd4 Rc3 34.Rc4 Rd3 35.Rc6+ Kb7 36.Rxd6 Rd2+ 37.Kb3 Rxf2 38.Rd7+
Kb6 39.Rxg7 Bb1 40.Nc4+ Ka6 41.Nb2 Bc2+ 42.Kc4 Bg6 43.Kb3 Rc2 44.Rxg6+ 1-0

[Event "1. Bundesliga 2016/2017"]
[Site "St. Veit/Glan"]
[Date "2017.03.26"]
[Round "8"]
[Board "1"]
[White "Zilka, Stepan"]
[Black "Nisipeanu, Liviu-Dieter"]
[Result "1/2-1/2"]
[WhiteElo "2523"]
[BlackElo "2684"]
[PlyCount "122"]
[EventDate "2016.10.20"]
[EventType "team"]
[EventRounds "11"]
[EventCountry "AUT"]
[WhiteTeam "Blackburne Nickelsdorf"]
[BlackTeam "Schachklub Sparkasse Jenbach"]

1.e4 e6 2.d4 d5 3.Nc3 Nf6 4.e5 Nfd7 5.f4 c5 6.Nf3 Be7 7.Be3 b6 8.Be2 O-O 9.O-O Nc6
10.Qd2 Bb7 11.Nd1 a5 12.Nf2 Ba6 13.Bxa6 Rxa6 14.Qe2 Qc8 15.c3 a4 16.g4 a3 17.b3 Ra7
18.f5 Qa6 19.Qxa6 Rxa6 20.Nd3 Rc8 21.Rac1 Raa8 22.Kf2 Na7 23.Nf4 Nf8 24.g5 cxd4 25.cxd4
Bb4 26.Rxc8 Rxc8 27.Rc1 Rxc1 28.Bxc1 Nb5 29.fxe6 fxe6 30.Ne2 Ng6 31.Ke3 Ne7 32.Kd3
Nc6 33.h4 g6 34.Bd2 Bxd2 35.Kxd2 Nb4 36.Ne1 Nxa2 37.Nc2 Kf7 38.Kd3 Ke7 39.Kd2 Kd7
40.Kd3 Kc6 41.Kd2 Kd7 42.Kd3 Kc7 43.Kd2 Kc6 44.Kd3 Kb7 45.Kd2 Ka6 46.Nf4 Ka5 47.Nxe6
Nb4 48.Nxb4 Kxb4 49.Kc2 a2 50.Kb2 a1=B+ 51.Kxa1 Kxb3 52.Kb1 Kc3 53.Kc1 Na7 54.Nf8
Kxd4 55.e6 Nc6 56.Nxh7 Ke5 57.Nf6 Kxe6 58.h5 gxh5 59.Nxh5 Kf5 60.g6 Ne7 61.g7 Kg6 1/2-1/2

[Event "1. Bundesliga 2016/2017"]
[Site "St. Veit/Glan"]
[Date "2017.03.26"]
[Round "8"]
[Board "2"]
[White "Volokitin, Andrei"]
[Black "Schwarhofer, Christopher"]
[Result "1-0"]
[WhiteElo "2652"]
[BlackElo "2385"]
[PlyCount "143"]
[EventDate "2016.10.20"]
[EventType "team"]
[EventRounds "11"]
[EventCountry "AUT"]
[WhiteTeam "Schachklub Sparkasse Jenbach"]
[BlackTeam "Blackburne Nickelsdorf"]

1.e4 e6 2.d4 d5 3.Nc3 Bb4 4.e5 c5 5.a3 Bxc3+ 6.bxc3 Qc7 7.Qg4 Ne7 8.Qxg7 Rg8 9.Qxh7
cxd4 10.Ne2 Nbc6 11.f4 dxc3 12.Nxc3 a6 13.Bb2 Bd7 14.O-O-O O-O-O 15.Qh4 Nf5 16.Qf2
Na5 17.Qa7 Bc6 18.Qa8+ Qb8 19.Qxb8+ Kxb8 20.Rd2 d4 21.Nd1 Rc8 22.Kb1 Be4 23.Nf2 Bxg2
24.Bxg2 Rxg2 25.Ne4 Rcg8 26.Rxg2 Rxg2 27.h4 Rg4 28.h5 Rxf4 29.Nd6 Ng3 30.Rh3 Nxh5
31.Rxh5 Nc6 32.Bc1 Rf1 33.Kb2 Kc7 34.Ne4 Kb6 35.Bd2 Rf5 36.Rxf5 exf5 37.Nd6 Nxe5 38.Kb3
d3 39.c4 Nf3 40.Be3+ Kc6 41.Nxf5 d2 42.Kc2 b5 43.c5 Ne5 44.Ne7+ Kd7 45.Nd5 a5 46.Nb6+
Kc6 47.Kxd2 f5 48.Kc3 f4 49.Bd4 b4+ 50.axb4 axb4+ 51.Kxb4 f3 52.Kc3 Ng4 53.Nc4 f2
54.Nd2 Kd5 55.Kd3 Nh6 56.Bxf2 Nf7 57.Bd4 Nd8 58.Ne4 Nb7 59.Nc3+ Kc6 60.Kc4 Na5+ 61.Kb4
Nb7 62.Bf2 Nd8 63.Nb5 Kd7 64.Nd4 Kc7 65.Kb5 Kb7 66.Bh4 Nf7 67.c6+ Ka7 68.Bg3 Ng5 69.Be5
Ne4 70.Nf5 Ng5 71.c7 Nf7 72.Nd6 1-0

[Event "1. Bundesliga 2016/2017"]
[Site "St. Veit/Glan"]
[Date "2017.03.26"]
[Round "8"]
[Board "3"]
[White "Lendwai, Reinhard"]
[Black "Wagner, Dennis"]
[Result "1/2-1/2"]
[WhiteElo "2370"]
[BlackElo "2577"]
[PlyCount "76"]
[EventDate "2016.10.20"]
[EventType "team"]
[EventRounds "11"]
[EventCountry "AUT"]
[WhiteTeam "Blackburne Nickelsdorf"]
[BlackTeam "Schachklub Sparkasse Jenbach"]

1.c4 e6 2.d4 d5 3.Nf3 Nf6 4.cxd5 exd5 5.Bg5 h6 6.Bxf6 Qxf6 7.Nc3 c6 8.Rc1 Qd8 9.e3
Bd6 10.Bd3 Be6 11.Qc2 Nd7 12.a3 O-O 13.O-O a5 14.Rfe1 Re8 15.Rb1 Rc8 16.h3 b5 17.Na2
b4 18.axb4 axb4 19.Nc1 c5 20.dxc5 Nxc5 21.Qd1 Qf6 22.Bb5 Red8 23.Nd3 Ne4 24.Nd4 Qg6
25.Nxe6 Qxe6 26.Ra1 Bb8 27.Ra6 Qe7 28.Ra4 Qc7 29.f4 Ba7 30.Rxb4 Qe7 31.Ra4 Nd6 32.Ba6
Rb8 33.Qf3 Nf5 34.Kh2 Nxe3 35.Raa1 Rb3 36.Ne5 Qf6 37.Bd3 Rxb2 38.Rxe3 Bxe3 1/2-1/2

[Event "1. Bundesliga 2016/2017"]
[Site "St. Veit/Glan"]
[Date "2017.03.26"]
[Round "8"]
[Board "4"]
[White "Shengelia, David"]
[Black "Vlcek, Stanislav"]
[Result "1-0"]
[WhiteElo "2570"]
[BlackElo "2255"]
[PlyCount "63"]
[EventDate "2016.10.20"]
[EventType "team"]
[EventRounds "11"]
[EventCountry "AUT"]
[WhiteTeam "Schachklub Sparkasse Jenbach"]
[BlackTeam "Blackburne Nickelsdorf"]

1.Nf3 Nf6 2.d4 g6 3.Bg5 Bg7 4.Nbd2 c5 5.e3 d6 6.Bd3 Nc6 7.c3 cxd4 8.exd4 h6 9.Bh4
O-O 10.O-O e5 11.dxe5 dxe5 12.Ne4 Bf5 13.Qc2 Bxe4 14.Bxe4 g5 15.Bxc6 bxc6 16.Bg3 e4
17.Rad1 Qc8 18.Nd4 Re8 19.Qa4 c5 20.Nb5 Qc6 21.Qc4 Nh5 22.Rd6 Qc8 23.Rfd1 Nxg3 24.Rd7
Rf8 25.hxg3 e3 26.fxe3 Be5 27.Re7 a6 28.Nd6 Bxd6 29.Rxd6 Qf5 30.g4 Qb1+ 31.Kh2 Rad8
32.Rxd8 1-0

[Event "1. Bundesliga 2016/2017"]
[Site "St. Veit/Glan"]
[Date "2017.03.26"]
[Round "8"]
[Board "5"]
[White "Bachofner, Andreas"]
[Black "Schlosser, Philipp"]
[Result "0-1"]
[WhiteElo "2136"]
[BlackElo "2523"]
[PlyCount "120"]
[EventDate "2016.10.20"]
[EventType "team"]
[EventRounds "11"]
[EventCountry "AUT"]
[WhiteTeam "Blackburne Nickelsdorf"]
[BlackTeam "Schachklub Sparkasse Jenbach"]

1.e4 c5 2.Nc3 Nc6 3.f4 g6 4.Nf3 Bg7 5.Bc4 e6 6.O-O Nge7 7.e5 d6 8.exd6 Nf5 9.Ne4 Nxd6
10.Nxd6+ Qxd6 11.d3 O-O 12.a3 b6 13.Qe1 Bb7 14.Rb1 Rac8 15.Bd2 Rfd8 16.Kh1 Nd4 17.Nxd4
cxd4 18.Qe2 Bd5 19.Bb4 Qc6 20.b3 b5 21.Bxd5 Rxd5 22.Rf2 Bf8 23.Qe1 Bxb4 24.axb4 Qd6
25.Ra1 a6 26.g3 Rc3 27.Qe4 Rc6 28.Qe1 Qe7 29.Kg1 Rd7 30.Ra2 Rdc7 31.Re2 Qd6 32.Kf1
Rc3 33.Qf2 Kg7 34.Kg1 h5 35.h4 Rd7 36.Kf1 Rc6 37.Qe1 Rdc7 38.Kg1 Rc8 39.Kf1 Rc3 40.Qf2
Rd8 41.Kg1 Rc6 42.Qe1 Qc7 43.Qf2 Rd5 44.Re5 Qd6 45.Qf3 Qxb4 46.Rxd5 exd5 47.Qxd5 Re6
48.Ra1 a5 49.Rf1 a4 50.bxa4 bxa4 51.f5 Qd6 52.Qxd6 Rxd6 53.Ra1 Ra6 54.fxg6 Kxg6 55.Ra3
Kf5 56.c3 dxc3 57.Rxc3 a3 58.Rc1 a2 59.Ra1 Ke5 60.Kf2 Kd4 0-1

[Event "1. Bundesliga 2016/2017"]
[Site "St. Veit/Glan"]
[Date "2017.03.26"]
[Round "8"]
[Board "6"]
[White "Lehner, Oliver"]
[Black "Kuntner, Reinhard"]
[Result "1-0"]
[WhiteElo "2393"]
[BlackElo "2023"]
[PlyCount "45"]
[EventDate "2016.10.20"]
[EventType "team"]
[EventRounds "11"]
[EventCountry "AUT"]
[WhiteTeam "Schachklub Sparkasse Jenbach"]
[BlackTeam "Blackburne Nickelsdorf"]

1.d4 d5 2.c4 dxc4 3.Nf3 Nf6 4.e3 e6 5.Bxc4 a6 6.O-O c5 7.Qe2 b5 8.Bd3 Nc6 9.dxc5 Bxc5
10.a3 O-O 11.b4 Be7 12.Bb2 Bb7 13.Nbd2 Qd5 14.Rac1 Rfd8 15.Bb1 Rd7 16.Bxf6 gxf6 17.Be4
Qd6 18.Nb3 Ne5 19.Bxb7 Rxb7 20.Rfd1 Qb8 21.Nxe5 Qxe5 22.Na5 Rc7 23.f4 1-0